L'Afrique en images - Statistiques

Statistiques générales
  • Ce quiz a été pris 1 021 fois
  • Le résultat moyen est 12 sur 18
Statistiques - réponses
Par images Hint Réponse % Correct
Désert Sahara
99%
Plus grand pays Algérie
98%
Île Madagascar
96%
Prix Nobel de la paix Nelson Mandela
95%
Fleuve Nil
91%
Canal Canal de Suez
89%
Long métrage Kirikou et la Sorcière
89%
Point culminant Kilimanjaro
88%
Représentante de l'espèce Australopithecus Lucy
73%
Monuments Pyramides de Gizeh
71%
Cascades Chutes Victoria
60%
Ville la plus peuplée Lagos
55%
Ethnie berbère Touareg
49%
Éleveur et guerrier de l'Afrique de l'Est Les Maasaï
38%
Savanes semi-arides Sahel
38%
Lac Lac Rose
34%
Forêt tropicale Bassin du Congo
30%
Monument Mosquée Hassan-II
23%
Aucun quiz correspondant
Distribution des résultats
% des personnes avec chaque résultat
Percentile par nombre de réponses
Votre historique - résultats
Vous n’avez pas pris ce quiz